Reflections of Mohonk : (Запис № 542727)
[ простий вигляд ]
| 000 -LEADER | |
|---|---|
| fixed length control field | 01354cam a2200289Ia 4500 |
| 001 - CONTROL NUMBER | |
| control field | reflectionsofmoh00smil |
| 003 - CONTROL NUMBER IDENTIFIER | |
| control field | CaSfIA |
| 005 - DATE AND TIME OF LATEST TRANSACTION | |
| control field | 20210118214607.0 |
| 007 - PHYSICAL DESCRIPTION FIXED FIELD--GENERAL INFORMATION | |
| fixed length control field | cr|||| |
| 008 - FIXED-LENGTH DATA ELEMENTS--GENERAL INFORMATION | |
| fixed length control field | 850201s1984 nyua 000 0 eng d |
| 040 ## - CATALOGING SOURCE | |
| Original cataloging agency | NYG |
| Transcribing agency | NYG |
| Modifying agency | OCL |
| -- | ZZY |
| -- | OCL |
| -- | OCLCQ |
| -- | CaSfIA |
| 035 ## - SYSTEM CONTROL NUMBER | |
| System control number | (OCoLC)11646168 |
| 043 ## - GEOGRAPHIC AREA CODE | |
| Geographic area code | n-us-ny |
| 050 #4 - LIBRARY OF CONGRESS CALL NUMBER | |
| Classification number | TX941.M63 |
| Item number | S65 |
| 092 ## - LOCALLY ASSIGNED DEWEY CALL NUMBER (OCLC) | |
| Classification number | 974.734 |
| Item number | M69s6 |
| 100 1# - MAIN ENTRY--PERSONAL NAME | |
| Personal name | Smiley, Ruth H. |
| 245 10 - TITLE STATEMENT | |
| Title | Reflections of Mohonk : |
| Medium | [electronic resource] |
| Remainder of title | an essay in color of Mohonk and surrounding nature / |
| Statement of responsibility, etc | by Ruth H. Smiley. |
| 260 ## - PUBLICATION, DISTRIBUTION, ETC. (IMPRINT) | |
| Place of publication, distribution, etc | [New Paltz? N.Y.] : |
| Name of publisher, distributor, etc | Mohonk Mountain House, |
| Date of publication, distribution, etc | 1984. |
| 300 ## - PHYSICAL DESCRIPTION | |
| Extent | 45, [5] p. : |
| Other physical details | chiefly col. ill. ; |
| Dimensions | 21 x 27 cm. |
| 506 ## - RESTRICTIONS ON ACCESS NOTE | |
| Standardized terminology for access restriction | Необхідна авторизація на https://archive.org/ (створення облікового запису безкоштовно) |
| 506 ## - RESTRICTIONS ON ACCESS NOTE | |
| Standardized terminology for access restriction | Необхідна авторизація на https://openlibrary.org/ (створення облікового запису безкоштовно) |
| 610 20 - SUBJECT ADDED ENTRY--CORPORATE NAME | |
| Corporate name or jurisdiction name as entry element | Mohonk Mountain House |
| General subdivision | History. |
| 651 #0 - SUBJECT ADDED ENTRY--GEOGRAPHIC NAME | |
| Geographic name | Mohonk Lake (N.Y.) |
| Form subdivision | Pictorial works. |
| 856 41 - ELECTRONIC LOCATION AND ACCESS | |
| Uniform Resource Identifier | <a href="http://www.archive.org/details/reflectionsofmoh00smil">http://www.archive.org/details/reflectionsofmoh00smil</a> |
| Public note | Free eBook from the Internet Archive |
| 856 42 - ELECTRONIC LOCATION AND ACCESS | |
| Uniform Resource Identifier | <a href="http://www.openlibrary.org/books/OL24218167M">http://www.openlibrary.org/books/OL24218167M</a> |
| Public note | Additional information and access via Open Library |
| 942 ## - ADDED ENTRY ELEMENTS (KOHA) | |
| Koha item type | ЕКнига |
Немає доступних примірників.